Applied statistics for engineers
Αποθηκεύτηκε σε:
| Κύριος συγγραφέας: | |
|---|---|
| Μορφή: | Βιβλίο |
| Γλώσσα: | Αγγλικά |
| Έκδοση: |
Londres
Applied Science
1972
|
| Θέματα: | |
| Ετικέτες: |
Προσθήκη ετικέτας
Δεν υπάρχουν, Καταχωρήστε ετικέτα πρώτοι!
|
MARC
| LEADER | 00000nam a2200000 a 4500 | ||
|---|---|---|---|
| 001 | UCU3831 | ||
| 003 | CL-VaPUC | ||
| 008 | 960510e19720000UK |||||||||||||||||eng|d | ||
| 082 | 0 | 4 | |a 519.5 |b WIL |2 21 |
| 100 | 0 | |a Wilson, C |e author |9 360992 | |
| 245 | 1 | 0 | |a Applied statistics for engineers |
| 300 | |a 148 p | ||
| 942 | |c BK | ||
| 945 | |d 19960510 00:00:00 |a lriquelm | ||
| 260 | |a Londres |b Applied Science |c 1972 | ||
| 650 | 0 | |a Análisis estadístico |9 269506 | |
| 650 | 0 | |a Matemática |9 260235 | |
| 650 | 0 | |a Ingeniería |9 259380 | |
| 650 | 0 | |a Control de calidad |9 259714 | |
| 650 | 0 | |a Muestreo |9 270457 | |
| 650 | 7 | |a CONTROL ESTADISTICO DE CALIDAD |2 CL-VaPUC |9 360993 | |
| 583 | |a last modification |c 19960510 00:00:00 |k Rodrigo Vera | ||
| 999 | |c 247707 |d 247705 | ||
| 952 | |0 0 |1 0 |4 0 |6 519_500000000000000_WIL_1972 |7 0 |8 A |9 263805 |a BIBING |b BIBING |d 2019-11-19 |i 165389K |o 519.5 WIL 1972 |p 165389K |r 2025-01-20 |w 2019-11-19 |y BK |k ING | ||